<?xml version="1.0" encoding="UTF-8"?>
<marc:record xmlns:marc="http://www.loc.gov/MARC21/slim">
   <marc:leader>00000nam a2200000 a 4500</marc:leader>
   <marc:datafield ind1="1" ind2=" " tag="100">
      <marc:subfield code="a">Newmark, Ann</marc:subfield>
      <marc:subfield code="4">aut</marc:subfield>
      <marc:subfield code="e">Verfasser/-in</marc:subfield>
   </marc:datafield>
   <marc:datafield ind1=" " ind2=" " tag="653">
      <marc:subfield code="a">Chemie</marc:subfield>
   </marc:datafield>
   <marc:datafield ind1=" " ind2=" " tag="653">
      <marc:subfield code="a">Jugendsachbuch</marc:subfield>
   </marc:datafield>
   <marc:datafield ind1="0" ind2="0" tag="245">
      <marc:subfield code="a">Chemie</marc:subfield>
   </marc:datafield>
   <marc:datafield ind1=" " ind2="1" tag="264">
      <marc:subfield code="b">Gerstenberg</marc:subfield>
      <marc:subfield code="c">1999</marc:subfield>
   </marc:datafield>
   <marc:datafield ind1="1" ind2=" " tag="490">
      <marc:subfield code="a">Was ist was</marc:subfield>
   </marc:datafield>
   <marc:datafield ind1="1" ind2=" " tag="520">
      <marc:subfield code="a">Gesetzt nach neuer Rechtschreibung Chemie umfasst mehr als brodelnde Substanzen, die üble Gerüche verströmen. In brillanten Farbaufnahmen und informativen Texten erläutert der Band die wichtige Rolle der Chemie in der Natur sowie in Landwirtschaft, Industrie und Forschung. Es wird genau beschrieben, was die Farbe einer Blüte mit Chemie zu tun hat, warum Helium als Trägergas für Luftschiffe geeignet ist, wie man chemische Reaktionen beschleunigen kann, wieso Essig einen Wespenstich lindert, oder wie ein Abgaskatalysator funktioniert. Dieser Band macht Chemie zum Erlebnis.</marc:subfield>
   </marc:datafield>
   <marc:datafield ind1=" " ind2=" " tag="020">
      <marc:subfield code="a">9783788602444</marc:subfield>
      <marc:subfield code="9">9783788602444</marc:subfield>
   </marc:datafield>
</marc:record>
